Automatic Malware Analysis An Emulator Based Approach /

Malicious software (i.e., malware) has become a severe threat to interconnected computer systems for decades and has caused billions of dollars damages each year. A large volume of new malware samples are discovered daily. Even worse, malware is rapidly evolving becoming more sophisticated and evasi...

Full description

Main Authors: Yin, Heng. (Author, http://id.loc.gov/vocabulary/relators/aut), Song, Dawn. (http://id.loc.gov/vocabulary/relators/aut)
Corporate Author: SpringerLink (Online service)
Language:English
Published: New York, NY : Springer New York : Imprint: Springer, 2013.
Edition:1st ed. 2013.
Series:SpringerBriefs in Computer Science,
Subjects:
Online Access:https://doi.org/10.1007/978-1-4614-5523-3
LEADER 03456nam a22005775i 4500
001 978-1-4614-5523-3
003 DE-He213
005 20200705125338.0
007 cr nn 008mamaa
008 120913s2013 xxu| s |||| 0|eng d
020 |a 9781461455233  |9 978-1-4614-5523-3 
024 7 |a 10.1007/978-1-4614-5523-3  |2 doi 
050 4 |a QA76.9.A25 
072 7 |a UR  |2 bicssc 
072 7 |a COM053000  |2 bisacsh 
072 7 |a UR  |2 thema 
072 7 |a UTN  |2 thema 
082 0 4 |a 005.8  |2 23 
100 1 |a Yin, Heng.  |e author.  |4 aut  |4 http://id.loc.gov/vocabulary/relators/aut 
245 1 0 |a Automatic Malware Analysis  |h [electronic resource] :  |b An Emulator Based Approach /  |c by Heng Yin, Dawn Song. 
250 |a 1st ed. 2013. 
264 1 |a New York, NY :  |b Springer New York :  |b Imprint: Springer,  |c 2013. 
300 |a IX, 73 p. 15 illus.  |b online resource. 
336 |a text  |b txt  |2 rdacontent 
337 |a computer  |b c  |2 rdamedia 
338 |a online resource  |b cr  |2 rdacarrier 
347 |a text file  |b PDF  |2 rda 
490 1 |a SpringerBriefs in Computer Science,  |x 2191-5768 
505 0 |a Introduction -- Dynamic Binary Analysis Platform -- Hidden Code Extraction -- Privacy-breaching Behavior Analysis -- Hooking Behavior Analysis -- Analysis of Trigger Conditions and Hidden Behaviors -- Concluding Remarks. 
520 |a Malicious software (i.e., malware) has become a severe threat to interconnected computer systems for decades and has caused billions of dollars damages each year. A large volume of new malware samples are discovered daily. Even worse, malware is rapidly evolving becoming more sophisticated and evasive to strike against current malware analysis and defense systems.  Automatic Malware Analysis presents a virtualized malware analysis framework that addresses common challenges in malware analysis. In regards to this new analysis framework, a series of analysis techniques for automatic malware analysis is developed. These techniques capture intrinsic characteristics of malware, and are well suited for dealing with new malware samples and attack mechanisms. 
650 0 |a Computer security. 
650 0 |a Data encryption (Computer science). 
650 0 |a Data structures (Computer science). 
650 0 |a Computers. 
650 0 |a Application software. 
650 1 4 |a Systems and Data Security.  |0 https://scigraph.springernature.com/ontologies/product-market-codes/I28060 
650 2 4 |a Cryptology.  |0 https://scigraph.springernature.com/ontologies/product-market-codes/I28020 
650 2 4 |a Data Structures and Information Theory.  |0 https://scigraph.springernature.com/ontologies/product-market-codes/I15009 
650 2 4 |a Information Systems and Communication Service.  |0 https://scigraph.springernature.com/ontologies/product-market-codes/I18008 
650 2 4 |a Information Systems Applications (incl. Internet).  |0 https://scigraph.springernature.com/ontologies/product-market-codes/I18040 
700 1 |a Song, Dawn.  |e author.  |4 aut  |4 http://id.loc.gov/vocabulary/relators/aut 
710 2 |a SpringerLink (Online service) 
773 0 |t Springer Nature eBook 
776 0 8 |i Printed edition:  |z 9781461455240 
776 0 8 |i Printed edition:  |z 9781461455226 
830 0 |a SpringerBriefs in Computer Science,  |x 2191-5768 
856 4 0 |u https://doi.org/10.1007/978-1-4614-5523-3 
912 |a ZDB-2-SCS 
912 |a ZDB-2-SXCS 
950 |a Computer Science (SpringerNature-11645) 
950 |a Computer Science (R0) (SpringerNature-43710)